| 000 | 00648nam a2200229 4500 | ||
|---|---|---|---|
| 005 | 20260312123102.0 | ||
| 008 | 260312b |||||||| |||| 00| 0 eng d | ||
| 020 | _a978-93-6616-588-2 | ||
| 041 | _aEnglish | ||
| 082 |
_26th _aPY 150 SRE B12322 _bSRE |
||
| 100 |
_aSreevani R _9217105 |
||
| 245 |
_aApplied Psychology for Nurses _bSem I |
||
| 250 | _a6th 2025 | ||
| 260 |
_aNew Delhi _bJaypee Brothers _c2025 |
||
| 300 |
_axx; 291p _bPb _c24x17cm |
||
| 365 |
_aRupaye _b595 _cINR |
||
| 500 | _aPsychology | ||
| 521 | _aApplied Psychology for Nurses for Sem 1 | ||
| 650 |
_aPsychology _9217106 |
||
| 651 |
_aPsychology _9217107 |
||
| 942 | _cBB | ||
| 999 |
_c370706 _d370706 |
||